Μεταγραφές : μεταφράσεις από τον Όμηρο, Ηράκλειτο, Αισχύλο, Ευριπίδη, Πλάτωνα, Μάρκο Αυρήλιο, Απουλήιο, τους Λυρικούς και την Παλατινή ανθολογία
Saved in:
| Main Author: | |
|---|---|
| Other Authors: | |
| Format: | Book |
| Language: | Greek |
| Published: |
Αθήνα :
Λέσχη του δίσκου,
c1987
|
| Subjects: | |
| Tags: |
Add Tag
No Tags, Be the first to tag this record!
|
MARC
| LEADER | 00000nam a2200000 i 4500 | ||
|---|---|---|---|
| 001 | 1/11061 | ||
| 008 | 000908s1987 gre d | ||
| 035 | |l 10063689 | ||
| 040 | |a GR-MY-UA |b gre |e aacr | ||
| 041 | 0 | |a gre | |
| 082 | 0 | |a 880 | |
| 100 | 1 | |a Σεφέρης, Γιώργος, |d 1900-1971. | |
| 245 | 1 | 0 | |a Μεταγραφές : |b μεταφράσεις από τον Όμηρο, Ηράκλειτο, Αισχύλο, Ευριπίδη, Πλάτωνα, Μάρκο Αυρήλιο, Απουλήιο, τους Λυρικούς και την Παλατινή ανθολογία / |c Γιώργος Σεφέρης ; φιλολογική επιμέλεια και επίμετρο για τη μεταφραστική θεωρία και πρακτική του Σεφέρη, Γιώργης Γιατρομανωλάκης |
| 260 | |a Αθήνα : |b Λέσχη του δίσκου, |c c1987 | ||
| 650 | 0 | 0 | |a Classical literature |x Translations into Greek, Modern. |
| 700 | 1 | |a Γιατρομανωλάκης, Γιώργης Ν., |d 1940- |4 edt | |
| 852 | |a INST |b RHODES |e 20000908 |h 880 ΣΕΦ |p 005400010150 |q 005400010150 |t BK |y 0 | ||
| 852 | |a INST |b RHODES |e 20001010 |h 880 ΣΕΦ |p 005400010151 |q 005400010151 |t BK |y 0 | ||
| 901 | |a BIBL4-2000-2 | ||
| 909 | |a Ρ |b 004278 | ||
| 909 | |a Ρ |b 004279 | ||
| 922 | |a 4ΔΩΡ |b 198712 | ||
| 970 | |z 2000/09/ΧΡΥΣΑΝΘΗ | ||